La autonomía universitaria: sus alcances y sus límites /

El texto concierne al tema de autonomía universitaria y su historia, sobre como esta ha cobrado importancia en los últimos años, debido a las implicaciones que su conceptualización, dimensionamiento y aplicación práctica, tienen para las universidades estatales. Dicha situación ha generado múltiples...

पूर्ण विवरण

में बचाया:
ग्रंथसूची विवरण
मुख्य लेखक: López Rojas, Carla
अन्य लेखक: Cascante Salas, Warner
स्वरूप: मूलपाठ
विषय:
टैग: टैग जोड़ें
कोई टैग नहीं, इस रिकॉर्ड को टैग करने वाले पहले व्यक्ति बनें!

MARC

LEADER 00000 a a2200000 04500
001 14378
003
040
100 |a López Rojas, Carla  
245 |a La autonomía universitaria:   |b sus alcances y sus límites /  |c Carla López Rojas 
520 |a El texto concierne al tema de autonomía universitaria y su historia, sobre como esta ha cobrado importancia en los últimos años, debido a las implicaciones que su conceptualización, dimensionamiento y aplicación práctica, tienen para las universidades estatales. Dicha situación ha generado múltiples posiciones dentro y fuera de la Universidad, razón por la cual se elabora este estudio, con el propósito de colaborar en la clarificación de este importante concepto en la vida universitaria  
650 |a UNIVERSIDADES  
650 |a AUTONOMIA ADMINISTRATIVA  
650 |a CONSTITUCIONES  
650 |a EDUCACION  
650 |a HISTORIA DE LA EDUCACION  
650 |a COSTA RICA  
700 |a Cascante Salas, Warner  
773 |g número 113; páginas 13-58  
999 |c 22988  |d 22988